000 00816cam a22002652 4500
001 27537
003 BD-RjUL
005 20211209051152.0
008 140325s1955 nyu 000 0aeng
035 _a(BD-RjUL)27611
040 _aDLC
_cJPL
_dOCL
_dSER
_dBD-RjUL
_beng
041 1 _aengrus
082 _a365.947
_bLEF 1955
100 1 _aLermolo, Elizabeth.
_984592
245 1 0 _aFace of a victim /
_cTranslated from the Russian by I.D.W. Talmadge; with a foreward by Alexandra Tolstoy.
250 _a1st ed.
260 _aNew York :
_bHarper,
_c1955
300 _a311 p. :
_c22 cm.
_bill. ;
500 _aAutobiographical.
650 0 _aPolitical crimes and offenses
_zSoviet Union.
_984593
650 0 _aPrisons
_zSoviet Union.
_984594
942 _2ddc
_cBK
999 _c27537
_d27537